Derecho internacional público
I tiakina i:
| Kaituhi matua: | |
|---|---|
| Hōputu: | Pukapuka |
| Reo: | Pāniora |
| I whakaputaina: |
Barcelona
Gustavo Gili
1929
|
| Ngā marau: | |
| Ngā Tūtohu: |
Tāpirihia he Tūtohu
Kāore He Tūtohu, Me noho koe te mea tuatahi ki te tūtohu i tēnei pūkete!
|
MARC
| LEADER | 00000nam a2200000 a 4500 | ||
|---|---|---|---|
| 001 | UCT9482 | ||
| 003 | CL-VaPUC | ||
| 008 | 970404e19290000SP |||||||||||||||||spa|d | ||
| 082 | 0 | 4 | |a 341.1 |b LIS |2 21 |
| 100 | |a Liszt, Franz von |e autor |9 605348 | ||
| 245 | 1 | 0 | |a Derecho internacional público |
| 300 | |a 712 p | ||
| 942 | |c BK | ||
| 945 | |d 19970404 00:00:00 |a lriquelm | ||
| 260 | |a Barcelona |b Gustavo Gili |c 1929 | ||
| 650 | 7 | |a DERECHO INTERNACIONAL PUBLICO |2 CL-VaPUC |9 382213 | |
| 650 | 0 | |a Teoría del derecho |9 255982 | |
| 650 | 0 | |a Evolución |9 259442 | |
| 650 | 7 | |a SOBERANIA DEL ESTADO |2 CL-VaPUC |9 377456 | |
| 650 | 0 | |a Derecho comercial internacional |9 256381 | |
| 650 | 0 | |a Relaciones Internacionales |9 255740 | |
| 650 | 7 | |a COMUNIDAD INTERNACIONAL |2 CL-VaPUC |9 382214 | |
| 650 | 0 | |a Guerra |9 255876 | |
| 650 | 0 | |a Conflictos bélicos |9 382203 | |
| 650 | 7 | |a NEUTRALIDAD |2 CL-VaPUC |9 375136 | |
| 583 | |a last modification |c 19970404 00:00:00 |k Rodrigo Vera | ||
| 999 | |c 257883 |d 257881 | ||
| 952 | |0 0 |1 0 |4 0 |6 341_100000000000000_LIS_1929 |7 0 |8 X |9 281590 |a BIBDER |b BIBDER |d 2019-11-19 |i 1822179 |o 341.1 LIS 1929 |p 1822179 |r 2023-01-25 |w 2019-11-19 |y BK_X |k DER | ||